Embedded control systems in C/C++ : an introduction for software developers using Matlab (Record no. 202885)
[ view plain ]
| 000 -LEADER | |
|---|---|
| fixed length control field | 00480nam a2200157Ia 4500 |
| 008 - FIXED-LENGTH DATA ELEMENTS--GENERAL INFORMATION | |
| fixed length control field | 231221s9999 xx 000 0 und d |
| 041 ## - LANGUAGE CODE | |
| Language code of text/sound track or separate title | English |
| 082 ## - DEWEY DECIMAL CLASSIFICATION NUMBER | |
| Classification number | 001.6424C LED; |
| 100 ## - MAIN ENTRY--PERSONAL NAME | |
| Personal name | Ledin, Jim |
| 245 #0 - TITLE STATEMENT | |
| Title | Embedded control systems in C/C++ : an introduction for software developers using Matlab |
| 260 ## - PUBLICATION, DISTRIBUTION, ETC. | |
| Date of publication, distribution, etc. | 2004 |
| Name of publisher, distributor, etc. | CMP Books |
| 300 ## - PHYSICAL DESCRIPTION | |
| Extent | xii+239 |
| 300 ## - PHYSICAL DESCRIPTION | |
| Dimensions | 28284 |
| 650 ## - SUBJECT ADDED ENTRY--TOPICAL TERM | |
| Topical term or geographic name entry element | Embedded,control,systems,C/C++,:,an,software,developers,using,Matlab |
| 942 ## - ADDED ENTRY ELEMENTS (KOHA) | |
| Koha item type | Compact Disks |
| Date last seen | Total checkouts | Full call number | Accession number | Price effective from | Category | Lost status | Damaged status | Department | Withdrawn status | Home library | Current library | Shelving location | Entry date | Vendor | Grants | Billnumber | Billdate | Currency symbol | Conversion rate | Discount | Old discount |
|---|---|---|---|---|---|---|---|---|---|---|---|---|---|---|---|---|---|---|---|---|---|
| 26/01/2024 | 001.6424C LED; | CD1392 | 26/01/2024 | Compact Disks | Central Library | Central Library | Central Library | Central Library | I K International | IS | 200 | 14/09/2009 | USD | 46.4 | 25 |
